Catàleg del Museu de la Reial Acadèmia Catalana de Belles Arts de Sant Jordi / Francesc Fontbona; amb la col·laboració de Victòria Durá
Descripción Física:
v. ; 32 cm
Otros Autores:
Durá, Victoria
MARC
| LEADER | 00000nam a2200000Ia 4500 | ||
|---|---|---|---|
| 001 | 12503 | ||
| 008 | 160829s1999 - xx 000 0 cat d | ||
| 080 | |a B-1-33 | ||
| 100 | |a Fontbona, Francesc |9 26331 | ||
| 245 | |a Catàleg del Museu de la Reial Acadèmia Catalana de Belles Arts de Sant Jordi / Francesc Fontbona; amb la col·laboració de Victòria Durá | ||
| 260 | |a Barcelona : |b Reial Acadèmia Catalana de Belles Arts de Sant Jordi, |c 1999 - | ||
| 300 | |a v. ; |c 32 cm | ||
| 590 | |a Conté: 1 : Pintura. | ||
| 590 | |a 363 p. : principalment il., col. | ||
| 590 | |a 1999 | ||
| 650 | |a Reial Acadèmia Catalana de Belles Arts de Sant Jordi |x Col·leccions d'art |x Catàlegs |9 36906 | ||
| 700 | |a Durá, Victoria |9 36907 | ||
| 710 | 2 | |a Reial Acadèmia Catalana de Belles Arts de Sant Jordi |9 54759 | |
| 866 | |a V. 1 | ||
| 901 | |a Arxiu | ||
| 942 | |n 1 | ||
| 952 | |0 0 |1 0 |4 0 |6 B133 |7 1 |9 47562 |a Arxiu |b Arxiu |d 2016-12-01 |l 0 |o B-1-33 |p 12503 |r 2016-12-01 00:00:00 |w 2016-12-01 |y ARXIU | ||
| 999 | |c 51361 |d 51361 | ||